Torschützen 2023 - Statistiken

Allgemein
  • Dieses Quiz wurde 211 mal gespielt
  • Das Durchschnittsergebnis liegt bei 5 aus 14
Antwortstatistiken
Tore Spieler % Korrekt
34 Kylian Mbappé
94%
29 Erling Haaland
92%
38 Harry Kane
92%
24 Mohamed Salah
62%
29 Lautaro Martínez
41%
24 Serhou Guirassy
41%
21 Antoine Griezmann
28%
24 Victor Osimhen
22%
25 Loïs Openda
14%
20 Jonathan David
8%
20 Wissam Ben Yedder
8%
24 Alexandre Lacazette
5%
21 Ollie Watkins
4%
20 Domenico Berardi
1%
Keine übereinstimmenden Quizze gefunden
Verteilung der Resultate
Anzahl Personen mit jedem Resultat
Perzentil nach korrekt beantworteten Fragen
Ihre Resultats-Entwicklung
Sie haben dieses Quiz noch nicht gespielt